书目信息 |
| 题名: |
高等数学
|
|
| 作者: | 孙洪波 主编 | |
| 分册: | ||
| 出版信息: | 北京 中国铁道出版社 2007.08 |
|
| 页数: | 319页 | |
| 开本: | 20cm | |
| 丛书名: | ||
| 单 册: | ||
| 中图分类: | O13 | |
| 科图分类: | ||
| 主题词: | 高等数学 | |
| 电子资源: | ||
| ISBN: | 978-7-113-08167-6 | |
| 000 | 00656nam0 2200229 45 | |
| 001 | 0947143530 | |
| 005 | 20091030130643.92 | |
| 010 | @a978-7-113-08167-6@dCNY29.00 | |
| 100 | @a20090515d2007 ekmy0 y0120 ea | |
| 102 | @aCN@b130000 | |
| 102 | @aCN@b110000 | |
| 105 | @ay z 000yy | |
| 200 | 1 | @a高等数学@Agao deng shu xue@e经济管理类@f孙洪波等主编@Fsun hong bo deng zhu bian |
| 210 | @a北京@c中国铁道出版社@d2007.08 | |
| 215 | @a319页@d20cm | |
| 517 | 1 | @a经济管理类@Ajing ji guan li lei |
| 606 | 0 | @a高等数学 |
| 690 | @aO13@v4 | |
| 701 | 0 | @a孙洪波@Asun hong bo@4主编 |
| 801 | 0 | @aCN@c20091030 |
| 905 | @a10447@dO13@eS9201 | |
| 906 | @d29@n3@r1 | |
| 高等数学:经济管理类/孙洪波等主编.-北京:中国铁道出版社,2007.08 |
| 319页;20cm |
| ISBN 978-7-113-08167-6:CNY29.00 |
| ● |
| 相关链接 |
|
|
|
正题名:高等数学
索取号:O13/S9201
 
预约/预借
| 序号 | 登录号 | 条形码 | 馆藏地/架位号 | 状态 | 备注 |
| 1 | 658833 | 206588334 | 自科库401/401自科库 107排2列3层/ [索取号:O13/S9201] | 在馆 | |
| 2 | 658834 | 206588343 | 自科库401/401自科库 107排2列3层/ [索取号:O13/S9201] | 在馆 | |
| 3 | 658835 | 206588352 | 自科库401/401自科库 107排2列3层/ [索取号:O13/S9201] | 在馆 |